书目信息 |
| 题名: |
性传染病
|
|
| 作者: | 格拉西安斯基 著 | |
| 分册: | ||
| 出版信息: | 北京 商务印书馆 1997.08 |
|
| 页数: | 116页 | |
| 开本: | 32开 | |
| 丛书名: | ||
| 单 册: | ||
| 中图分类: | R759 | |
| 科图分类: | ||
| 主题词: | 性病学 | |
| 电子资源: | ||
| ISBN: | 7-100-02238-X | |
| 000 | 00542nam0 2200193 45 | |
| 001 | 0009182146 | |
| 005 | 20000918211236.1 | |
| 010 | @a7-100-02238-X@d7.50元 | |
| 100 | @a20000918d1997 km y0chiy0120 ea | |
| 101 | 0 | @achi |
| 105 | @a z 000yy | |
| 200 | 1 | @a性传染病@AXing Chuan Ran Bing@f(法)格拉西安斯基著@F(Fa)Ge La Xi An Si Ji Zhu |
| 210 | @a北京@c商务印书馆@d1997.08 | |
| 215 | @a116页@d32开 | |
| 606 | 0 | @a性病学 |
| 690 | @aR759@v3 | |
| 701 | 0 | @a格拉西安斯基@4著 |
| 801 | @aCN@bPftUser@c20000918 | |
| 905 | @b147986-988@dR759@eG891@f3 | |
| 性传染病/(法)格拉西安斯基著.-北京:商务印书馆,1997.08 |
| 116页;32开 |
| ISBN 7-100-02238-X:7.50元 |
| ● |
| 相关链接 |
|
|
|
正题名:性传染病
索取号:R759/G891
 
预约/预借
| 序号 | 登录号 | 条形码 | 馆藏地/架位号 | 状态 | 备注 |
| 1 | 147986 | 201479863 | 自科库401/401自科库 21排4列3层/ [索取号:R759/G891] | 在馆 | |
| 2 | 147987 | 201479872 | 自科库401/401自科库 21排4列3层/ [索取号:R759/G891] | 在馆 | |
| 3 | 147988 | 201479881 | 自科库401/401自科库 21排4列3层/ [索取号:R759/G891] | 在馆 |